| 000 | 00818nam a2200253 a 4500 | ||
|---|---|---|---|
| 001 | BRCA_5666 | ||
| 005 | 20190320205156.0 | ||
| 008 | 220211t1947----fr-a######---#000-0#fre-# | ||
| 041 | _afre | ||
| 044 | _afr | ||
| 050 | 4 |
_aNK1860 _b.G73 4 1947 |
|
| 100 | 1 |
_aDevéche, André _914397 |
|
| 245 | 1 | 0 |
_aLes styles anglais _bdes origines a 1660 _cAndré Devéche. |
| 260 |
_aParís _bE. Flammarion _c1947 |
||
| 300 |
_a62 p. _bil., 43 láminas _c22 cm. |
||
| 440 | 0 |
_aLa grammaire des styles _v16 _914398 |
|
| 500 | _aEjemplar igual a U50 | ||
| 500 | _aVer también F134 (v.6), F135 (v.7), F136 (v.8), F138 (v.5) y F139 (v.4). | ||
| 500 | _aF137 | ||
| 650 | 1 | 4 |
_aDecoración y ornamentación renacentista _zInglaterra _914399 |
| 650 | 1 | 4 |
_aEstilos de arte _ySiglo XV _zInglaterra _914400 |
| 902 | _aGFM | ||
| 942 |
_2lcc _cB |
||
| 999 |
_c5359 _d5359 |
||